Tour de France 2025 - Statistiques

Statistiques générales
  • Ce quiz a été pris 661 fois
  • Le résultat moyen est 25 sur 45
Statistiques - réponses
Classement Nom % Correct
1 Tadej POGACAR
100%
2 Jonas VINGEGAARD
97%
3 Florian LIPOWITZ
83%
7 Kévin VAUQUELIN
74%
4 Oscar ONLEY
73%
1 Jasper PHILIPSEN
72%
21 Wout VAN AERT
68%
2 Mathieu VAN DER POEL
67%
16 Valentin PARET-PEINTRE
66%
12 Tadej POGACAR
65%
7 Tadej POGACAR
64%
1 Jonathan MILAN
63%
13 Tadej POGACAR
63%
1 Tadej POGACAR
63%
10 Jordan JEGAT
62%
5 Remco EVENEPOEL
62%
1 Florian LIPOWITZ
61%
4 Tadej POGACAR
61%
2 Jonas VINGEGAARD
59%
2 Oscar ONLEY
56%
1 TEAM VISMA | LEASE A BIKE
56%
3 Tim MERLIER
56%
8 Jonathan MILAN
55%
8 Primoz ROGLIC
55%
2 Tadej POGACAR
54%
19 Thymen ARENSMAN
54%
5 Félix GALL
53%
6 Ben HEALY
52%
3 Lenny MARTINEZ
52%
14 Thymen ARENSMAN
52%
9 Ben HEALY
50%
3 Kévin VAUQUELIN
50%
9 Tim MERLIER
49%
10 Simon YATES
48%
17 Jonathan MILAN
47%
18 Ben O'CONNOR
46%
Super Combatif Ben HEALY
44%
20 Kaden GROVES
43%
15 Tim WELLENS
42%
11 Jonas ABRAHAMSEN
41%
6 Tobias Halland JOHANNESSEN
41%
3 Biniam GIRMAY
39%
Super Equipier Quinn SIMMONS
22%
3 RED BULL - BORA - HANSGROHE
11%
2 UAE TEAM EMIRATES XRG
10%
Aucun quiz correspondant
Distribution des résultats
% des personnes avec chaque résultat
Percentile par nombre de réponses
Votre historique - résultats
Vous n’avez pas pris ce quiz